00548cam a22002291 4500001001300000003000400013005001700017008004100034010001700075035002000092040001800112042001200130050002100142100003500163245001700198260001100215300001900226500001400245500001300259600002900272999001700301sa 67005974 DLC20260227112402.0890519s1966 ii 000 1 hino  asa 67005974  a(OCoLC)19743293 aDLCcWaUdDLC apremarc00aPK2098.12.C5bT31 aAchariya, Nand Kishore,d1945-10aTathà„gata. c[1966] a111 p.c19 cm. aIn Hindi. aA novel.00aGautama BuddhavFiction. c75586d75586